000 00783cam a22002533a 4500
001 18246
003 PGUSA
005 20140828083404.0
008 060424s2006||||xxu|||||s|||||000 | eng d
040 _aPGUSA
_beng
042 _adc
050 4 _aPT
100 1 _aIbsen, Henrik,
_d1828-1906
245 1 0 _aKuninkaan-alut :
_bHistoriallinen näytelmä viidessä näytöksessä
_h[electronic resource] /
_cHenrik Ibsen
260 _bProject Gutenberg,
_c2006
500 _aTranslation of: Kongs-Emnerne
506 _aPublic domain in the USA.
516 _aElectronic text
653 _aNorwegian drama
653 _aNorway -- History -- Haakon Gamli, 1217-1263 -- Drama
830 0 _aProject Gutenberg
_v18246
856 4 0 _uhttp://www.gutenberg.org/ebooks/18246
942 _cEB
999 _c247501
_d247501